000
00314nam a22001337a 4500
008
170426b xxu||||| |||| 00| 0 eng d
020
_a
0471873241
041
_a
eng
080
_2
2ND
_a
54
100
_a
12
101
_a
SHM
245
_a
ELEMENTRY PRINCIPLES OF CHEMICAL PROCESSES
_c
FELDER, R.M
942
_2
udc
_c
BK
999
_c
12074
_d
12074